000 00370 a2200157 4500
001 187058
020 _a85-7706-007-1
040 _cMagnum
100 _aJusto, Jo´se Sterza
240 1 0 _aIndisciplina / disciplina
_lpor
245 1 0 _aIndisciplina / disciplina
300 _a95
362 0 _a2005
697 _aEDUCAÇÃO EM GERAL E DISCIPLINAS AFINS
942 _cBK
999 _c187058
_d187058